Villains by Letter-B - Statistics

General Stats
  • This quiz has been taken 48 times
    35 since last reset
  • The average score is 8 of 16
Answer Stats
Picture Answer % Correct
Bowser
94%
Beetle
87%
Bane
84%
Beetlejuice
84%
Bellatrix Lestrange
71%
Black Manta
68%
Biff Tannen
61%
Brainiac
39%
Beast Man
35%
Bolg
32%
Barty Crouch Jr.
29%
Billy Chapman
26%
Billy Loomis
26%
Borg Queen
23%
Boris Grishenko
19%
Brad Whitaker
10%
No matching quizzes found
Score Distribution
Percent of People with Each Score
Percentile by Number Answered
Your Score History
You have not taken this quiz since the last reset